Filosofía de la existencia / (Record no. 171485)

MARC details
000 -LEADER
campo de control de longitud fija 00773nam a2200217 i 4500
001 - NÚMERO DE CONTROL
campo de control 171485
003 - IDENTIFICADOR DE NÚMERO DE CONTROL
campo de control ES-MaACL
005 - FECHA Y HORA DE LA ÚLTIMA TRANSACCIÓN
campo de control 20230906214639.0
008 - DATOS DE LONGITUD FIJA--INFORMACIÓN GENERAL
campo de control de longitud fija 090519s1974 sp |||| | spa d
017 ## - NÚMERO DE COPYRIGHT O DE DEPÓSITO LEGAL
Número de copyright o de depósito legal M 40568-1973
020 ## - NÚMERO INTERNACIONAL ESTÁNDAR DEL LIBRO
Número Internacional Estándar del Libro 84-220-0661-8
100 0# - ENTRADA PRINCIPAL--NOMBRE DE PERSONA
Nombre de persona Gabriel, Leo.
9 (RLIN) 53150
245 10 - MENCIÓN DEL TÍTULO
Título Filosofía de la existencia /
Mención de responsabilidad, etc. por Leo Gabriel ; [la traducción española ha sido realizada por Luis Pelayo Arribas].
260 ## - PUBLICACIÓN, DISTRIBUCIÓN, ETC.
Lugar de publicación, distribución, etc. Madrid :
Nombre del editor, distribuidor, etc. La Editorial Católica,
Fecha de publicación, distribución, etc. 1974.
300 ## - DESCRIPCIÓN FÍSICA
Extensión 352 p., 1 h. ;
Dimensiones 20 cm.
500 ## - NOTA GENERAL
Nota general Índices.
505 8# - NOTA DE CONTENIDO CON FORMATO
Nota de contenido con formato Contiene : Kierkegaard, Heidegger, Jaspers, Sartre ; Diálogo de las posiciones
594 ## - Nota al título y mención de responsabilidad
Nota al título y mención de responsabilidad Traducción de : Existenzphilosophie.
700 0# - ENTRADA AGREGADA--NOMBRE PERSONAL
Nombre de persona Pelayo Arribas, Luis.
9 (RLIN) 90028
852 ## - LOCALIZACIÓN
Ubicación ES-MaACL
Número de control de estantería J-345
itemnumber R.46092
Holdings
Estatus retirado Estado de pérdida Estado de daño No para préstamo Biblioteca de origen Biblioteca actual Ubicación en estantería Fecha de adquisición Fuente de adquisición Total de préstamos Signatura topográfica completa Código de barras Visto por última vez Precio de reemplazo Tipo de ítem Koha
        Biblioteca del Ateneo de Madrid Biblioteca del Ateneo de Madrid Depósito 2 19/05/2009     J-345 1179960 23/02/2023 23/02/2023 Libro impreso